Nominations of the Honorable Shalanda D. Young, of Louisiana, to be Director of the Office of Management and Budget and the Honorable Nani A. Coloretti, of California, to be Deputy Director of the Office of Management and Budget : hearing before the Committee on the Budget, United States Senate, One Hundred Seventeenth Congress, second session ; February 1, 2022, hearing on the nominations of the Honorable Shalanda D. Young, of Louisiana, to be Director of the Office of Management and Budget and the Honorable Nani A. Coloretti, of California, to be Deputy Director of the Office of Management and Budget ; February 9, 2022, executive business meeting to consider the nominations of the Honorable Shalanda D. Young, of Louisiana, to be Director of the Office of Management and Budget and the Honorable Nani A. Coloretti, of California, to be Deputy Director of the Office of Management and Budget.

Bibliographic Details
Corporate Author: United States. Congress. Senate. Committee on the Budget (Author)
Format: Government Document eBook
Language:English
Published: Washington : U.S. Government Publishing Office, 2022.
Series:S. hrg. ; 117-232
Subjects:
Online Access:https://purl.fdlp.gov/GPO/gpo178049

MARC

Tag First Indicator Second Indicator Subfields
LEADER 00000cam a2200000 i 4500
001 in00004589021
006 m o d f
007 cr |||||||||||
008 220512s2022 dcu ob f000 0 eng c
005 20220812193014.4
024 8 |a 46-924  |q (GPO jacket number) 
035 |a (OCoLC)on1316706772 
040 |a GPO  |b eng  |e rda  |e pn  |c GPO  |d GPO  |d OCLCF  |d GPO  |d MvI 
042 |a pcc 
043 |a n-us--- 
049 |a WWW 
050 4 |a KF26  |b .B8 2022 
074 |a 1035-A-03 (online) 
086 0 |a Y 4.B 85/2:S.HRG.117-232 
110 1 |a United States.  |b Congress.  |b Senate.  |b Committee on the Budget,  |e author. 
245 1 0 |a Nominations of the Honorable Shalanda D. Young, of Louisiana, to be Director of the Office of Management and Budget and the Honorable Nani A. Coloretti, of California, to be Deputy Director of the Office of Management and Budget :  |b hearing before the Committee on the Budget, United States Senate, One Hundred Seventeenth Congress, second session ; February 1, 2022, hearing on the nominations of the Honorable Shalanda D. Young, of Louisiana, to be Director of the Office of Management and Budget and the Honorable Nani A. Coloretti, of California, to be Deputy Director of the Office of Management and Budget ; February 9, 2022, executive business meeting to consider the nominations of the Honorable Shalanda D. Young, of Louisiana, to be Director of the Office of Management and Budget and the Honorable Nani A. Coloretti, of California, to be Deputy Director of the Office of Management and Budget. 
264 1 |a Washington :  |b U.S. Government Publishing Office,  |c 2022. 
300 |a 1 online resource (iv, 113 pages). 
336 |a text  |b txt  |2 rdacontent 
337 |a computer  |b c  |2 rdamedia 
338 |a online resource  |b cr  |2 rdacarrier 
490 1 |a S. hrg. ;  |v 117-232 
500 |a "February 1, 2022." 
500 |a "February 9, 2022." 
500 |a GPO Cataloging Record Distribution Program (CRDP). 
504 |a Includes bibliographical references. 
511 0 |a Hearing witnesses: Statement of the Honorable Kevin Cramer, U.S. Senator from the State of North Dakota; Statement of the Honorable Patty Murray, U.S. Senator from the State of Washington; Testimony of the Honorable Shalanda D. Young, of Louisiana, to be Director, Office of Management and Budget (OMB); Statement of the Honorable Alex Padilla, U.S. Senator from the State of California; Testimony of the Honorable Nani A. Coloretti, of California, to be Deputy Director, Office of Management and Budget (OMB). 
518 |a Date of hearing: 2022-02-01. 
588 |a Description based on online resource; title from PDF title page (govinfo, viewed May 11, 2022). 
600 1 0 |a Young, Shalanda D. 
610 1 0 |a United States.  |b Office of Management and Budget  |x Officials and employees  |x Selection and appointment. 
655 7 |a Legislative hearings.  |2 lcgft 
776 0 8 |i Print version:  |a United States. Congress. Senate. Committee on the Budget.  |t Nominations of the Honorable Shalanda D. Young, of Louisiana, to be Director of the Office of Management and Budget and the Honorable Nani A. Coloretti, of California, to be Deputy Director of the Office of Management and Budget  |w (OCoLC)1316706652 
810 1 |a United States.  |b Congress.  |b Senate.  |t S. hrg. ;  |v 117-232. 
856 4 0 |u https://purl.fdlp.gov/GPO/gpo178049  |t 0 
999 f f |s 6e4f69b1-1735-4793-8026-e3fc7637e4a3  |i ac457b1a-e8f9-41ed-9ea8-d47d61a70004  |t 0 
952 f f |a Texas A&M University  |b College Station  |c Electronic Resources  |d Available Online  |t 0  |e Y 4.B 85/2:S.HRG.117-232  |h Superintendent of Documents classification 
998 f f |a Y 4.B 85/2:S.HRG.117-232  |t 0  |l Available Online